LEADER 01077cam--2200361---450- 001 990003695730203316 005 20121005134749.0 010 $a978-88-06-20504-1 035 $a000369573 035 $aUSA01000369573 035 $a(ALEPH)000369573USA01 035 $a000369573 100 $a20121005d2012----km-y0itay50------ba 101 0 $aita 102 $aIT 105 $aa|||z|||001yy 200 1 $a<> arte del Trecento in Europa$fMichele Tomasi 210 $aTorino$cEinaudi$d2012 215 $aXVI, 263 p.$cill.$d21 cm 225 2 $aPiccola biblioteca Einaudi$iMappe$v4 410 0$12001$aPiccola biblioteca Einaudi$iMappe$v4 606 0 $aArte$yEuropa$z1300-1399$2BNCF 676 $a709.023 700 1$aTOMASI,$bMichele$0326676 801 0$aIT$bsalbc$gISBD 912 $a990003695730203316 951 $aXII.2.A. 812$b237168 L.M.$cXII.2.A.$d00059088 959 $aBK 969 $aUMA 979 $aPASSARO$b90$c20121005$lUSA01$h1345 979 $aPASSARO$b90$c20121005$lUSA01$h1347 996 $aArte del Trecento in Europa$91078721 997 $aUNISA LEADER 02005nam0 22004333i 450 001 VAN0192971 005 20230613105550.762 017 70$2N$a9783319444536 100 $a20210726d2017 |0itac50 ba 101 $aeng 102 $aCH 105 $a|||| ||||| 200 1 $aSearching for Dark Matter with the ATLAS Detector$eDoctoral Thesis accepted by the University of Toronto, Canada$fSteven Schramm 210 $aCham$cSpringer$d2017 215 $axxiii, 324 p.$cill.$d24 cm 410 1$1001VAN0104193$12001 $aSpringer theses$erecognizing outstanding Ph.D. research$1210 $aBerlin$cSpringer$d2010- 500 1$3VAN0192972$aSearching for Dark Matter with the ATLAS Detector$91835136 606 $a00A79 (77-XX)$xPhysics [MSC 2020]$3VANC023182$2MF 606 $a81V35$xNuclear physics [MSC 2020]$3VANC023270$2MF 606 $a83Fxx$xCosmology [MSC 2020]$3VANC023580$2MF 606 $a81Txx$xQuantum field theory; related classical field theories [MSC 2020]$3VANC027580$2MF 610 $aDark Matter Search in Collisions$9KW:K 610 $aEffective field theory$9KW:K 610 $aJet Calibration$9KW:K 610 $aJet Energy Scale Uncertainties$9KW:K 610 $aMissing Transverse Momentum$9KW:K 610 $aMono-XJet+MET$9KW:K 610 $aMono-jet$9KW:K 620 $aCH$dCham$3VANL001889 700 1$aSchramm$bSteven$3VANV170863$0825015 712 $aSpringer $3VANV108073$4650 801 $aIT$bSOL$c20240614$gRICA 856 4 $uhttp://doi.org/10.1007/978-3-319-44453-6$zE-book ? Accesso al full-text attraverso riconoscimento IP di Ateneo, proxy e/o Shibboleth 899 $aBIBLIOTECA DEL DIPARTIMENTO DI MATEMATICA E FISICA$1IT-CE0120$2VAN08 912 $fN 912 $aVAN0192971 950 $aBIBLIOTECA DEL DIPARTIMENTO DI MATEMATICA E FISICA$d08CONS e-book 3271 $e08eMF3271 20210726 996 $aSearching for Dark Matter with the ATLAS Detector$91835136 997 $aUNICAMPANIA